[Event "NB II. Breyer csoport"]
[Site "Zsambek"]
[Date "2024.03.03"]
[Round "5.2"]
[White "Rummel, Zsolt"]
[Black "Horvath, Kalman"]
[Result "1/2-1/2"]
[WhiteElo "2084"]
[BlackElo "2071"]
[PlyCount "24"]
[EventDate "2023.10.08"]
[EventType "team-tourn"]
[EventRounds "9"]
[EventCountry "HUN"]
[Source "chess.hu"]
[WhiteTeam "Zsambeki SBE"]
[BlackTeam "NYVSE"]
[WhiteTeamCountry "HUN"]
[BlackTeamCountry "HUN"]

1. d4 c6 2. c4 d5 3. Nc3 Nf6 4. cxd5 Nxd5 5. e4 Nxc3 6. bxc3 g6 7. Bc4 Bg7 8.
Ne2 O-O 9. O-O a5 10. a4 Na6 11. Be3 Nc7 12. Rb1 e6 1/2-1/2

[Event "NB II. Breyer csoport"]
[Site "Zsambek"]
[Date "2024.03.03"]
[Round "5.3"]
[White "Horvath, Istvan"]
[Black "Emmer, Adam"]
[Result "1/2-1/2"]
[WhiteElo "2060"]
[BlackElo "1966"]
[PlyCount "112"]
[EventDate "2023.10.08"]
[EventType "team-tourn"]
[EventRounds "9"]
[EventCountry "HUN"]
[Source "chess.hu"]
[WhiteTeam "NYVSE"]
[BlackTeam "Zsambeki SBE"]
[WhiteTeamCountry "HUN"]
[BlackTeamCountry "HUN"]

1. e4 e5 2. Nf3 Nf6 3. Nc3 Nc6 4. d4 exd4 5. Nxd4 Nxd4 6. Qxd4 d6 7. f3 Be6 8.
Be3 a6 9. O-O-O c5 10. Qd2 Qc7 11. g4 Be7 12. h4 O-O-O 13. g5 Nh5 14. Nd5 Bxd5
15. Qxd5 Rhf8 16. Rh2 Kb8 17. Bh3 g6 18. Bg4 Qc6 19. Bxh5 Qxd5 20. Rxd5 gxh5
21. Kd1 Kc7 22. f4 Kc6 23. Ke2 b5 24. Kf3 a5 25. f5 Rfe8 26. f6 Bf8 27. Rhd2
Rc8 28. Bf4 Re6 29. e5 dxe5 30. Bxe5 c4 31. Rd8 Re8 32. R8d5 Re6 33. Kf4 Rce8
34. Kf5 Bb4 35. c3 Bc5 36. Bf4 Re2 37. Rd1 Rf2 38. Rxc5+ Kxc5 39. Rd7 Re1 40.
Rxf7 Ref1 41. Rxh7 Rxf4+ 42. Ke5 R4f2 43. Ke6 b4 44. Rxh5 Kc6 45. Rh8 Re1+ 46.
Kf7 Rxb2 47. cxb4 axb4 48. Rc8+ Kb5 49. g6 Rxa2 50. g7 Rg2 51. Rh8 c3 52. h5 c2
53. Rb8+ Ka4 54. Ra8+ Kb5 55. Rb8+ Ka4 56. Ra8+ Kb5 1/2-1/2

[Event "NB II. Breyer csoport"]
[Site "Zsambek"]
[Date "2024.03.03"]
[Round "5.4"]
[White "Bitto, Zoltan"]
[Black "Ikanov, Imre"]
[Result "1-0"]
[WhiteElo "2006"]
[BlackElo "1970"]
[PlyCount "79"]
[EventDate "2023.10.08"]
[EventType "team-tourn"]
[EventRounds "9"]
[EventCountry "HUN"]
[Source "chess.hu"]
[WhiteTeam "Zsambeki SBE"]
[BlackTeam "NYVSE"]
[WhiteTeamCountry "HUN"]
[BlackTeamCountry "HUN"]

1. d4 Nf6 2. c4 g6 3. Nc3 d5 4. cxd5 Nxd5 5. e4 Nxc3 6. bxc3 Bg7 7. Bc4 c5 8.
Ne2 cxd4 9. cxd4 Nc6 10. Be3 O-O 11. O-O b6 12. Rc1 Na5 13. Bd3 Bb7 14. Qd2 Qd7
15. Bh6 Rac8 16. Bxg7 Kxg7 17. Qb2 Rxc1 18. Rxc1 Rc8 19. d5+ Kg8 20. Rxc8+ Qxc8
21. Qe5 Qd8 22. Nd4 a6 23. h4 Qd6 24. Qxd6 exd6 25. g4 h6 26. f4 b5 27. Kf2 Bc8
28. g5 hxg5 29. hxg5 Nb7 30. e5 Nc5 31. Bc2 dxe5 32. fxe5 Kf8 33. Ke3 Nd7 34.
Nc6 Ke8 35. e6 Nb6 36. exf7+ Kxf7 37. Ne5+ Kg7 38. Kd4 Bf5 39. Bxf5 gxf5 40.
Kc5 1-0

[Event "NB II. Breyer csoport"]
[Site "Zsambek"]
[Date "2024.03.03"]
[Round "5.5"]
[White "Draga, Balazs"]
[Black "Nagy, Gyorgy"]
[Result "0-1"]
[WhiteElo "1965"]
[BlackElo "1861"]
[PlyCount "74"]
[EventDate "2023.10.08"]
[EventType "team-tourn"]
[EventRounds "9"]
[EventCountry "HUN"]
[Source "chess.hu"]
[WhiteTeam "NYVSE"]
[BlackTeam "Zsambeki SBE"]
[WhiteTeamCountry "HUN"]
[BlackTeamCountry "HUN"]

1. c4 Nf6 2. g3 g6 3. Bg2 Bg7 4. Nc3 O-O 5. e4 d6 6. Nge2 e5 7. O-O Nc6 8. h3
Ne8 9. d3 f5 10. Be3 Be6 11. Qd2 Qd7 12. Kh2 Nf6 13. b3 Nd4 14. Nxd4 exd4 15.
Bxd4 Ng4+ 16. hxg4 Bxd4 17. gxf5 gxf5 18. Rac1 Qg7 19. Ne2 c5 20. Nxd4 cxd4 21.
Rh1 Rf6 22. Kg1 Raf8 23. Rf1 f4 24. gxf4 Rxf4 25. Rh2 Bg4 26. Kh1 Qf6 27. e5
dxe5 28. Kg1 Kh8 29. Be4 Rf7 30. Bg2 Rg7 31. Kh1 b6 32. b4 Qf5 33. a4 Rf3 34.
a5 Rxd3 35. Qh6 Bf3 36. Rg1 Bxg2+ 37. Rhxg2 Rh3+ 0-1

[Event "NB II. Breyer csoport"]
[Site "Zsambek"]
[Date "2024.03.03"]
[Round "5.6"]
[White "Tessedik, Karoly"]
[Black "Kovacs, Milan"]
[Result "0-1"]
[WhiteElo "1882"]
[BlackElo "2032"]
[PlyCount "88"]
[EventDate "2023.10.08"]
[EventType "team-tourn"]
[EventRounds "9"]
[EventCountry "HUN"]
[Source "chess.hu"]
[WhiteTeam "Zsambeki SBE"]
[BlackTeam "NYVSE"]
[WhiteTeamCountry "HUN"]
[BlackTeamCountry "HUN"]

1. c4 Nf6 2. Nc3 d6 3. g3 g6 4. Bg2 Bg7 5. d3 O-O 6. h3 e5 7. Be3 c6 8. Qd2 d5
9. cxd5 cxd5 10. Bh6 Nc6 11. Bxg7 Kxg7 12. a3 Be6 13. Nf3 d4 14. Na2 e4 15. Ng5
Bxa2 16. Rxa2 Qd5 17. b4 e3 18. Bxd5 exd2+ 19. Kxd2 Nxd5 20. e4 dxe3+ 21. fxe3
Rfe8 22. e4 Nc7 23. Rc1 Rad8 24. Rc5 Ne6 25. Nxe6+ Rxe6 26. Ke3 Rd7 27. g4 Re5
28. Rc4 h5 29. d4 Rg5 30. Rg2 hxg4 31. hxg4 a5 32. e5 axb4 33. axb4 f6 34. b5
Nxe5 35. dxe5 Rxe5+ 36. Kf4 g5+ 37. Kf3 Rd3+ 38. Kf2 Rd2+ 39. Kf1 Rxg2 40. Kxg2
Rxb5 41. Kf3 Kf7 42. Ke4 Ke6 43. Kd4 Rb1 44. Kc5 Ke5 0-1

[Event "NB II. Breyer csoport"]
[Site "Zsambek"]
[Date "2024.03.03"]
[Round "5.7"]
[White "Bognar, Attila"]
[Black "Metzger, Istvan"]
[Result "1-0"]
[WhiteElo "1913"]
[BlackElo "1844"]
[PlyCount "81"]
[EventDate "2023.10.08"]
[EventType "team-tourn"]
[EventRounds "9"]
[EventCountry "HUN"]
[Source "chess.hu"]
[WhiteTeam "NYVSE"]
[BlackTeam "Zsambeki SBE"]
[WhiteTeamCountry "HUN"]
[BlackTeamCountry "HUN"]

1. e4 e5 2. d4 exd4 3. Qxd4 Nc6 4. Qe3 d6 5. Bc4 Nf6 6. Nc3 Be7 7. Bd2 O-O 8.
O-O-O Na5 9. Be2 Nc6 10. f4 Ng4 11. Bxg4 Bxg4 12. Nge2 Bf6 13. h3 Be6 14. Be1
Qc8 15. g4 a5 16. Kb1 Bc4 17. Ng3 Bh4 18. Nd5 Re8 19. Nf5 Bxe1 20. Rhxe1 Bxd5
21. Qc3 Bxa2+ 22. Kxa2 Qe6+ 23. Kb1 f6 24. g5 Qf7 25. Rg1 Kh8 26. g6 hxg6 27.
Nh4 Rxe4 28. Nxg6+ Kg8 29. Qf3 Ra4 30. b3 Rd4 31. Rdf1 Qd5 32. Qg3 Qf7 33. Qh4
Qe8 34. Re1 Re4 35. Rxe4 Qxe4 36. Qh8+ Kf7 37. Qxa8 Qb4 38. f5 d5 39. Nh8+ Ke7
40. Rxg7+ Kd6 41. Qf8+ 1-0

[Event "NB II. Breyer csoport"]
[Site "Zsambek"]
[Date "2024.03.03"]
[Round "5.8"]
[White "Horvath, Csaba"]
[Black "Gal, Lajos"]
[Result "1/2-1/2"]
[WhiteElo "1807"]
[BlackElo "1878"]
[PlyCount "51"]
[EventDate "2023.10.08"]
[EventType "team-tourn"]
[EventRounds "9"]
[EventCountry "HUN"]
[Source "chess.hu"]
[WhiteTeam "Zsambeki SBE"]
[BlackTeam "NYVSE"]
[WhiteTeamCountry "HUN"]
[BlackTeamCountry "HUN"]

1. d4 d5 2. c4 e6 3. Nc3 Nf6 4. Bg5 Be7 5. Nf3 O-O 6. e3 b6 7. cxd5 Nxd5 8.
Bxe7 Nxe7 9. Bd3 Nd7 10. Qc2 f5 11. Ng5 Nf6 12. O-O-O h6 13. Nf3 Bb7 14. Ne5
Rc8 15. f4 Nfd5 16. Qe2 c5 17. Nxd5 Nxd5 18. dxc5 Rxc5+ 19. Kb1 a6 20. Bxa6 Qa8
21. Bxb7 Qxb7 22. Rc1 Rfc8 23. Rxc5 Rxc5 24. Qh5 Nf6 25. Qf3 Ne4 26. Rd1
1/2-1/2

[Event "NB II. Breyer csoport"]
[Site "Zsambek"]
[Date "2024.03.03"]
[Round "5.9"]
[White "Forgacs, Arpad"]
[Black "Jencsik, Attila"]
[Result "0-1"]
[WhiteElo "1733"]
[BlackElo "1837"]
[PlyCount "130"]
[EventDate "2023.10.08"]
[EventType "team-tourn"]
[EventRounds "9"]
[EventCountry "HUN"]
[Source "chess.hu"]
[WhiteTeam "NYVSE"]
[BlackTeam "Zsambeki SBE"]
[WhiteTeamCountry "HUN"]
[BlackTeamCountry "HUN"]

1. d4 d5 2. Nf3 Nf6 3. Bf4 e6 4. e3 Bd6 5. c3 O-O 6. Bd3 Bxf4 7. exf4 Qd6 8.
Ne5 c5 9. Nd2 cxd4 10. g4 dxc3 11. bxc3 Nc6 12. Qe2 Nd7 13. Ndf3 f6 14. Nxc6
bxc6 15. Nd4 Nc5 16. f5 Nxd3+ 17. Qxd3 exf5 18. gxf5 c5 19. Nf3 Re8+ 20. Kd1
Bd7 21. Kc2 c4 22. Qd2 Bxf5+ 23. Kc1 Qa3+ 24. Qb2 Qxb2+ 25. Kxb2 Be4 26. Nd4
Bxh1 27. Rxh1 Re4 28. Ka3 Rb8 29. Rg1 Rxd4 30. cxd4 Kf7 31. Re1 Rb6 32. Re2 Kg6
33. Ka4 h6 34. Ka5 c3 35. Rc2 Rb2 36. Rxc3 Rxa2+ 37. Kb5 Rxf2 38. h3 Kf5 39.
Kc5 Ke4 40. Ra3 Rc2+ 41. Kd6 Kxd4 42. Rxa7 g6 43. Ra5 Ke4 44. Rxd5 Rh2 45. Rb5
Rxh3 46. Ke6 f5 47. Kf6 Rg3 48. Rb4+ Kf3 49. Ke5 Rg4 50. Rb3+ Kg2 51. Rb2+ Kh3
52. Rb1 h5 53. Rb3+ Rg3 54. Rb4 h4 55. Ra4 Rf3 56. Ra6 Re3+ 57. Kf6 Rg3 58. Ra4
Rg4 59. Ra3+ Kg2 60. Ra2+ Kf3 61. Ra3+ Ke4 62. Rh3 f4 63. Rh1 f3 64. Ra1 f2 65.
Rf1 Ke3 0-1

[Event "NB II. Breyer csoport"]
[Site "Zsambek"]
[Date "2024.03.03"]
[Round "5.10"]
[White "Szendeff, Miklos"]
[Black "Klinga, Matyas"]
[Result "0-1"]
[WhiteElo "1764"]
[BlackElo "1556"]
[PlyCount "78"]
[EventDate "2023.10.08"]
[EventType "team-tourn"]
[EventRounds "9"]
[EventCountry "HUN"]
[Source "chess.hu"]
[WhiteTeam "Zsambeki SBE"]
[BlackTeam "NYVSE"]
[WhiteTeamCountry "HUN"]
[BlackTeamCountry "HUN"]

1. e4 e5 2. f4 d6 3. Nf3 Nc6 4. Bb5 exf4 5. d4 a6 6. Bxc6+ bxc6 7. Bxf4 Nf6 8.
Nc3 h6 9. O-O Be7 10. Qd2 Nh5 11. Be3 g5 12. Qf2 f6 13. Rae1 O-O 14. Qe2 Qe8
15. Qc4+ Kh7 16. e5 d5 17. Qd3+ f5 18. g4 Ng7 19. Ne2 Kh8 20. gxf5 Bxf5 21. Qd2
Qh5 22. Ng3 Qg4 23. Qg2 Nh5 24. Nxf5 Qxg2+ 25. Kxg2 Rxf5 26. Nd2 Raf8 27. Rxf5
Rxf5 28. Rf1 Ng7 29. a3 Rxf1 30. Kxf1 Ne6 31. b4 Kg7 32. Kf2 Kg6 33. Kf3 Kf5
34. Nf1 h5 35. h3 Kg6 36. c3 Ng7 37. Ng3 Nf5 38. Ne2 g4+ 39. hxg4 hxg4+ 0-1

[Event "NB II. Breyer csoport"]
[Site "Naszaly"]
[Date "2024.03.03"]
[Round "5.1"]
[White "Farkas, Richard"]
[Black "Pasztor, Balazs"]
[Result "0-1"]
[WhiteElo "2234"]
[BlackElo "2406"]
[PlyCount "84"]
[EventDate "2023.10.08"]
[EventType "team-tourn"]
[EventRounds "9"]
[EventCountry "HUN"]
[Source "chess.hu"]
[WhiteTeam "Barcza - BEAC I."]
[BlackTeam "Geniusz Tata-Naszaly"]
[WhiteTeamCountry "HUN"]
[BlackTeamCountry "HUN"]

1. e4 c5 2. Nf3 d6 3. c3 Nf6 4. h3 g6 5. Bd3 Bg7 6. O-O O-O 7. Bc2 Nc6 8. d4
cxd4 9. cxd4 e5 10. d5 Nb4 11. Bb3 Nxe4 12. Qe1 Nxf2 13. Qxf2 Nd3 14. Qe2 e4
15. Qxe4 Nxc1 16. Rxc1 Bxb2 17. Nbd2 Qf6 18. Rxc8 Raxc8 19. Re1 Rc1 20. Nc4
Rxe1+ 21. Qxe1 Bc3 22. Qh4 Qxh4 23. Nxh4 Bb4 24. Kf1 b5 25. Nb2 Re8 26. Nf3 Bc3
27. Nd1 Bg7 28. Nf2 Kf8 29. Ng5 Re5 30. Nf3 Re3 31. Nd1 Re7 32. Kf2 a5 33. g4
Rc7 34. a4 bxa4 35. Bxa4 Rc4 36. Bb3 Rb4 37. Ba2 Ra4 38. Bb3 Ra1 39. Ke2 a4 40.
Bc4 a3 41. Ne1 a2 42. Nc2 Rc1 0-1

[Event "NB II. Breyer csoport"]
[Site "Naszaly"]
[Date "2024.03.03"]
[Round "5.2"]
[White "Matrahalmi, Tibor"]
[Black "Horvath, Andras"]
[Result "1-0"]
[WhiteElo "2264"]
[BlackElo "2260"]
[PlyCount "74"]
[EventDate "2023.10.08"]
[EventType "team-tourn"]
[EventRounds "9"]
[EventCountry "HUN"]
[Source "chess.hu"]
[WhiteTeam "Geniusz Tata-Naszaly"]
[BlackTeam "Barcza - BEAC I."]
[WhiteTeamCountry "HUN"]
[BlackTeamCountry "HUN"]

1. e4 e5 2. Nf3 Nc6 3. Bb5 a6 4. Ba4 Nf6 5. O-O Be7 6. Re1 b5 7. Bb3 O-O 8. h3
Bb7 9. d3 d6 10. a3 Nb8 11. Nbd2 Nbd7 12. Nf1 Re8 13. Ng3 Bf8 14. Nf5 Nc5 15.
Ba2 d5 16. exd5 Bxd5 17. Bxd5 Qxd5 18. Bg5 Nfd7 19. Qd2 f6 20. Be3 Na4 21. b3
Nac5 22. Qa5 Ne6 23. Ng3 c5 24. c4 Qb7 25. Ne4 Nd4 26. Bxd4 cxd4 27. a4 bxc4
28. bxc4 Bb4 29. Reb1 Bxa5 30. Rxb7 Red8 31. g4 Rab8 32. Rab1 Bc3 33. c5 Rbc8
34. Nh4 Rxc5 35. Rxd7 Rxd7 36. Nxc5 Rd5 37. Rb8+ Kf7 1-0

[Event "NB II. Breyer csoport"]
[Site "Naszaly"]
[Date "2024.03.03"]
[Round "5.3"]
[White "Bali, Janos Dr"]
[Black "Giang, Tran Nam"]
[Result "0-1"]
[WhiteElo "2268"]
[BlackElo "2122"]
[PlyCount "110"]
[EventDate "2023.10.08"]
[EventType "team-tourn"]
[EventRounds "9"]
[EventCountry "HUN"]
[Source "chess.hu"]
[WhiteTeam "Barcza - BEAC I."]
[BlackTeam "Geniusz Tata-Naszaly"]
[WhiteTeamCountry "HUN"]
[BlackTeamCountry "HUN"]

1. d4 Nf6 2. c4 e6 3. Nf3 d5 4. Nc3 dxc4 5. Bg5 h6 6. Bh4 Bb4 7. e3 b5 8. a4 c6
9. Be2 Bb7 10. O-O a6 11. Ne5 Be7 12. f4 Nbd7 13. Bf3 Nd5 14. Bxd5 exd5 15.
Bxe7 Qxe7 16. axb5 cxb5 17. Qf3 Nf6 18. g4 b4 19. Ne2 Ne4 20. Qh3 O-O 21. Ng3
Nxg3 22. Qxg3 Rfe8 23. g5 f6 24. gxf6 Qxf6 25. Ng4 Qd6 26. Ra5 Kh7 27. Ne5 Rac8
28. f5 c3 29. f6 g5 30. bxc3 bxc3 31. Qh3 Qe6 32. Qh5 Rg8 33. Raa1 c2 34. Rac1
a5 35. Rf2 Ba6 36. Ng4 Rg6 37. Rcxc2 Bc4 38. Rb2 Rc7 39. Rb8 Bd3 40. Kg2 Be4+
41. Kg3 Bf5 42. Ne5 Rxf6 43. Re8 Qd6 44. Ra8 Re7 45. Re8 Ra7 46. Qe2 Be4 47.
Rc8 Rxf2 48. Qxf2 h5 49. Rc6 Qe7 50. Qb2 Qf8 51. Qb6 h4+ 52. Kg4 Qf5+ 53. Kh5
Bf3+ 54. Nxf3 Qxf3+ 55. Kxg5 Rg7+ 0-1

[Event "NB II. Breyer csoport"]
[Site "Naszaly"]
[Date "2024.03.03"]
[Round "5.4"]
[White "Akots, Gabor"]
[Black "Szekely, Ferenc"]
[Result "0-1"]
[WhiteElo "2212"]
[BlackElo "2184"]
[PlyCount "44"]
[EventDate "2023.10.08"]
[EventType "team-tourn"]
[EventRounds "9"]
[EventCountry "HUN"]
[Source "chess.hu"]
[WhiteTeam "Geniusz Tata-Naszaly"]
[BlackTeam "Barcza - BEAC I."]
[WhiteTeamCountry "HUN"]
[BlackTeamCountry "HUN"]

1. e4 e5 2. Nf3 Nc6 3. Bc4 Bc5 4. c3 Nf6 5. d3 d6 6. a4 a6 7. O-O O-O 8. h3 Be6
9. Bxe6 fxe6 10. d4 Ba7 11. Re1 Nh5 12. Be3 Qf6 13. d5 exd5 14. exd5 Ne7 15.
Nbd2 Nf4 16. Bxf4 Qxf4 17. Ne4 Ng6 18. Qc2 Qf5 19. Rad1 Nf4 20. Nh4 Qh5 21. g3
Nxh3+ 22. Kg2 Nxf2 0-1

[Event "NB II. Breyer csoport"]
[Site "Naszaly"]
[Date "2024.03.03"]
[Round "5.5"]
[White "Fordan, Tibor"]
[Black "Dibusz, Ferenc"]
[Result "1/2-1/2"]
[WhiteElo "2136"]
[BlackElo "2138"]
[PlyCount "87"]
[EventDate "2023.10.08"]
[EventType "team-tourn"]
[EventRounds "9"]
[EventCountry "HUN"]
[Source "chess.hu"]
[WhiteTeam "Barcza - BEAC I."]
[BlackTeam "Geniusz Tata-Naszaly"]
[WhiteTeamCountry "HUN"]
[BlackTeamCountry "HUN"]

1. d4 d5 2. c4 e6 3. Nc3 Nf6 4. Nf3 Be7 5. cxd5 exd5 6. Bg5 O-O 7. Qc2 c6 8. e3
Ne4 9. Bxe7 Qxe7 10. Bd3 f5 11. Ne5 Nd7 12. Nxd7 Bxd7 13. O-O Rf6 14. Rae1 Rh6
15. g3 Re6 16. Nd1 Re8 17. f3 Nd6 18. Re2 b6 19. Rfe1 Qf6 20. Nf2 g6 21. b3 Kg7
22. Qd2 c5 23. dxc5 bxc5 24. Rc1 d4 25. e4 fxe4 26. fxe4 Re5 27. Qf4 Qe6 28. g4
g5 29. Qg3 Bc6 30. Rce1 a5 31. h4 h6 32. Nh3 a4 33. hxg5 hxg5 34. Rf1 axb3 35.
axb3 Bxe4 36. Rfe1 Qxb3 37. Nxg5 Rxg5 38. Qf4 Rge5 39. Bxe4 Nxe4 40. Rxe4 Rxe4
41. Qg5+ Kf8 42. Rf1+ Qf7 43. Rxf7+ Kxf7 44. Qf5+ 1/2-1/2

[Event "NB II. Breyer csoport"]
[Site "Naszaly"]
[Date "2024.03.03"]
[Round "5.6"]
[White "Kovacs, David"]
[Black "Orosz, Andras"]
[Result "1/2-1/2"]
[WhiteElo "2128"]
[BlackElo "2225"]
[PlyCount "35"]
[EventDate "2023.10.08"]
[EventType "team-tourn"]
[EventRounds "9"]
[EventCountry "HUN"]
[Source "chess.hu"]
[WhiteTeam "Geniusz Tata-Naszaly"]
[BlackTeam "Barcza - BEAC I."]
[WhiteTeamCountry "HUN"]
[BlackTeamCountry "HUN"]

1. e4 e6 2. d4 d5 3. Nd2 c5 4. exd5 exd5 5. Ngf3 Nc6 6. Bb5 Bd6 7. O-O Nge7 8.
dxc5 Bxc5 9. Nb3 Bd6 10. Re1 O-O 11. Bd3 h6 12. h3 Qc7 13. Nbd4 a6 14. c3 Nxd4
15. Nxd4 Nc6 16. Bc2 Nxd4 17. Qxd4 Qc4 18. Be3 1/2-1/2

[Event "NB II. Breyer csoport"]
[Site "Naszaly"]
[Date "2024.03.03"]
[Round "5.7"]
[White "Laza, Szabolcs"]
[Black "Kovacs, Gabor Etele"]
[Result "1/2-1/2"]
[WhiteElo "2154"]
[BlackElo "2090"]
[PlyCount "57"]
[EventDate "2023.10.08"]
[EventType "team-tourn"]
[EventRounds "9"]
[EventCountry "HUN"]
[Source "chess.hu"]
[WhiteTeam "Barcza - BEAC I."]
[BlackTeam "Geniusz Tata-Naszaly"]
[WhiteTeamCountry "HUN"]
[BlackTeamCountry "HUN"]

1. d4 d5 2. Nf3 Nf6 3. c4 e6 4. cxd5 exd5 5. Bg5 h6 6. Bf4 c6 7. Qc2 Bb4+ 8.
Nc3 Ne4 9. Nd2 Qf6 10. e3 Nxd2 11. Qxd2 Bf5 12. a3 Bd6 13. Bg3 O-O 14. Be2 Nd7
15. O-O Rae8 16. Rfc1 Bxg3 17. hxg3 Qg5 18. b4 Nf6 19. b5 Re6 20. Bf3 Bg4 21.
bxc6 bxc6 22. Ne2 h5 23. Nf4 Rd6 24. Qd1 h4 25. Bxg4 Nxg4 26. Nh3 Qh5 27. Nf4
Qg5 28. Nh3 Qh5 29. Nf4 1/2-1/2

[Event "NB II. Breyer csoport"]
[Site "Naszaly"]
[Date "2024.03.03"]
[Round "5.8"]
[White "Szabo-Toth, Gabor"]
[Black "Medve, Mark"]
[Result "1/2-1/2"]
[WhiteElo "2081"]
[BlackElo "2094"]
[PlyCount "104"]
[EventDate "2023.10.08"]
[EventType "team-tourn"]
[EventRounds "9"]
[EventCountry "HUN"]
[Source "chess.hu"]
[WhiteTeam "Geniusz Tata-Naszaly"]
[BlackTeam "Barcza - BEAC I."]
[WhiteTeamCountry "HUN"]
[BlackTeamCountry "HUN"]

1. e4 e5 2. Nf3 Nc6 3. Bb5 Nf6 4. O-O Nxe4 5. Re1 Nd6 6. Nxe5 Be7 7. Bf1 Nxe5
8. Rxe5 O-O 9. d4 Bf6 10. Re1 Nf5 11. c3 d5 12. Bf4 Be6 13. Nd2 c6 14. Nf3 Re8
15. Qc2 Rc8 16. Bd3 g6 17. Be5 Be7 18. Qd2 a6 19. a4 Nd6 20. Qh6 Bf8 21. Qf4
Bf5 22. Bxd6 Rxe1+ 23. Rxe1 Bxd6 24. Qd2 Be6 25. b4 a5 26. bxa5 Qxa5 27. Qc2
Re8 28. h4 Bd7 29. Rxe8+ Bxe8 30. h5 Kg7 31. hxg6 hxg6 32. Qb3 Qc7 33. c4 dxc4
34. Bxc4 b6 35. Qe3 Qe7 36. Qxe7 Bxe7 37. Kf1 Kf8 38. Ke2 Bd6 39. g3 Ke7 40.
Bb3 f6 41. Nd2 Bc7 42. Ke3 Bd7 43. f4 Bb8 44. Bc2 Kf7 45. Ne4 Kg7 46. Nc3 Bd6
47. Bb3 Bb4 48. Ne4 Bf5 49. Bc4 Bd7 50. Bb3 Be1 51. Ke2 Bb4 52. Ke3 Be7 1/2-1/2

[Event "NB II. Breyer csoport"]
[Site "Naszaly"]
[Date "2024.03.03"]
[Round "5.9"]
[White "Szekacs, Mark"]
[Black "Kovacs, Reka"]
[Result "0-1"]
[WhiteElo "2027"]
[BlackElo "1855"]
[PlyCount "76"]
[EventDate "2023.10.08"]
[EventType "team-tourn"]
[EventRounds "9"]
[EventCountry "HUN"]
[Source "chess.hu"]
[WhiteTeam "Barcza - BEAC I."]
[BlackTeam "Geniusz Tata-Naszaly"]
[WhiteTeamCountry "HUN"]
[BlackTeamCountry "HUN"]

1. e4 e5 2. Nc3 Nf6 3. Bc4 Nc6 4. d3 Bb4 5. Nge2 Na5 6. O-O O-O 7. a3 Bxc3 8.
Nxc3 Nxe4 9. Nxe4 d5 10. Ba2 dxe4 11. dxe4 Qe7 12. Qh5 Kh8 13. Be3 b6 14. f4
Ba6 15. Rf2 Rae8 16. f5 f6 17. Re1 Bc4 18. Bxc4 Nxc4 19. Bc1 Qf7 20. Qh4 Rd8
21. Rf3 Nd2 22. Rg3 Rd7 23. b3 Qe7 24. Rh3 h6 25. Rd3 Rxd3 26. cxd3 Nxb3 27.
Bxh6 gxh6 28. Qxh6+ Kg8 29. Re3 Rf7 30. Rh3 Rh7 31. Rg3+ Rg7 32. Rg6 Qc5+ 33.
d4 Qxd4+ 34. Kf1 Qd3+ 35. Ke1 Qxe4+ 36. Kd1 Qb1+ 37. Ke2 Nd4+ 38. Kf2 Qxf5+ 0-1

[Event "NB II. Breyer csoport"]
[Site "Naszaly"]
[Date "2024.03.03"]
[Round "5.10"]
[White "Kossela, Peter"]
[Black "Martin, Bela Jr"]
[Result "0-1"]
[WhiteElo "1990"]
[BlackElo "2009"]
[PlyCount "52"]
[EventDate "2023.10.08"]
[EventType "team-tourn"]
[EventRounds "9"]
[EventCountry "HUN"]
[Source "chess.hu"]
[WhiteTeam "Geniusz Tata-Naszaly"]
[BlackTeam "Barcza - BEAC I."]
[WhiteTeamCountry "HUN"]
[BlackTeamCountry "HUN"]

1. e4 c5 2. Nf3 d6 3. d4 cxd4 4. Qxd4 Nf6 5. Nc3 Nc6 6. Bb5 Bd7 7. Bxc6 Bxc6 8.
Bg5 e6 9. O-O-O Be7 10. Rhe1 O-O 11. Nd2 Qc7 12. f3 b5 13. g4 b4 14. Ne2 Rfc8
15. c4 Qa5 16. Bxf6 Bxf6 17. Qxd6 Rd8 18. Qg3 Ba4 19. g5 Bxb2+ 20. Kxb2 Bxd1
21. Rxd1 Qa3+ 22. Ka1 b3 23. Nc3 b2+ 24. Kb1 Qxc3 25. f4 Rd3 26. Qf2 Rad8 0-1

[Event "NB II. Breyer csoport"]
[Site "Naszaly"]
[Date "2024.03.03"]
[Round "5.11"]
[White "Bod, Marton"]
[Black "Eros, Vivien"]
[Result "1-0"]
[WhiteElo "1870"]
[BlackElo "1868"]
[PlyCount "59"]
[EventDate "2023.10.08"]
[EventType "team-tourn"]
[EventRounds "9"]
[EventCountry "HUN"]
[Source "chess.hu"]
[WhiteTeam "Barcza - BEAC I."]
[BlackTeam "Geniusz Tata-Naszaly"]
[WhiteTeamCountry "HUN"]
[BlackTeamCountry "HUN"]

1. e4 c5 2. Nf3 Nc6 3. d4 cxd4 4. Nxd4 g6 5. Nc3 Bg7 6. Be3 Nf6 7. f3 O-O 8.
Bc4 d6 9. Qd2 Bd7 10. O-O-O a6 11. Kb1 Ne5 12. Bb3 b5 13. h4 h5 14. g4 hxg4 15.
Nd5 Nh5 16. Bg5 Re8 17. fxg4 Nxg4 18. Rdf1 Ne5 19. Rhg1 a5 20. a3 a4 21. Ba2
Rc8 22. Ne2 Nc4 23. Bxc4 Rxc4 24. Nec3 Bc6 25. Qf2 Nf6 26. Bxf6 Bxf6 27. h5 Kg7
28. hxg6 fxg6 29. Qf5 g5 30. Rxg5+ 1-0

[Event "NB II. Breyer csoport"]
[Site "Naszaly"]
[Date "2024.03.03"]
[Round "5.12"]
[White "Szobi, Geza"]
[Black "Tancz, Janos"]
[Result "1/2-1/2"]
[WhiteElo "1906"]
[BlackElo "1743"]
[PlyCount "69"]
[EventDate "2023.10.08"]
[EventType "team-tourn"]
[EventRounds "9"]
[EventCountry "HUN"]
[Source "chess.hu"]
[WhiteTeam "Geniusz Tata-Naszaly"]
[BlackTeam "Barcza - BEAC I."]
[WhiteTeamCountry "HUN"]
[BlackTeamCountry "HUN"]

1. c4 c5 2. Nc3 Nc6 3. g3 g6 4. Bg2 Bg7 5. d3 Nf6 6. Rb1 O-O 7. a3 e6 8. Bg5 h6
9. Bd2 b6 10. Qc1 Kh7 11. b4 cxb4 12. axb4 Bb7 13. b5 Na5 14. Bxb7 Nxb7 15. Nf3
d5 16. Ne5 dxc4 17. Nc6 Qd7 18. dxc4 Nd8 19. Nxd8 Rfxd8 20. Bf4 Rac8 21. Nd1
Nd5 22. O-O Nxf4 23. Qxf4 Kg8 24. Ne3 Bd4 25. Qxh6 Bxe3 26. Qxe3 Rxc4 27. Qb3
Rd4 28. Ra1 Rd5 29. Qa4 Qxb5 30. Qxa7 Qxe2 31. Qxb6 Rd1 32. Raxd1 Rxd1 33. Rxd1
Qxd1+ 34. Kg2 Qd5+ 35. Kg1 1/2-1/2

[Event "NB II. Breyer csoport"]
[Site "Esztergom"]
[Date "2024.03.03"]
[Round "5.1"]
[White "Botos, Ferenc"]
[Black "Szabo, Marton Mihaly"]
[Result "1/2-1/2"]
[WhiteElo "2168"]
[BlackElo "2281"]
[PlyCount "81"]
[EventDate "2023.10.08"]
[EventType "team-tourn"]
[EventRounds "9"]
[EventCountry "HUN"]
[Source "chess.hu"]
[WhiteTeam "Varosgazda Akademia"]
[BlackTeam "Esztergomi SC"]
[WhiteTeamCountry "HUN"]
[BlackTeamCountry "HUN"]

1. d4 Nf6 2. Nf3 e6 3. g3 b5 4. Bg2 Bb7 5. O-O c5 6. Bg5 Be7 7. c3 Qb6 8. Nbd2
cxd4 9. Nxd4 Bxg2 10. Kxg2 Nc6 11. N2f3 O-O 12. Kg1 h6 13. Bxf6 Bxf6 14. Qd3 a6
15. Rad1 d5 16. e4 Nxd4 17. Nxd4 dxe4 18. Qxe4 Rac8 19. Nf3 Rfd8 20. a3 Rd6 21.
Rfe1 Rcd8 22. Rxd6 Qxd6 23. Re2 Qd1+ 24. Kg2 Rd5 25. Qc2 g5 26. Qxd1 Rxd1 27.
Rd2 Rb1 28. Nd4 Bxd4 29. cxd4 Kf8 30. Rc2 a5 31. Kf3 Ke7 32. Kg4 f5+ 33. Kh5 g4
34. Kg6 Rd1 35. Rc5 Rxd4 36. Rxb5 Rd2 37. Rxa5 Rxb2 38. Ra7+ Kd6 39. Kf6 Rxf2
40. Ra6+ Kd7 41. Ra7+ 1/2-1/2